[Event "SV Mülheim-Nord 3 - SV Turm Kamp-Lintf"]
[Site "NRW-Klasse - Gruppe 3 2019/20"]
[Date "2020.02.02"]
[Round "6.3"]
[White "Westermann, Johannes"]
[Black "Kuipers, Dustin"]
[Result "1-0"]
[WhiteElo "2007"]
[BlackElo "2099"]
[Annotator "Daniel"]
[PlyCount "105"]
[EventDate "2020.??.??"]
[SourceVersionDate "2020.03.16"]
[WhiteTeam "SV Turm Kamp-Lintfort 1"]
[BlackTeam "SV Mülheim-Nord 3"]

1. d4 d5 2. c4 c6 3. Nc3 Nf6 4. Nf3 a6 5. cxd5 cxd5 6. a3 Nc6 7. Bf4 Bf5 8. e3
e6 9. Rc1 Bd6 10. Bxd6 Qxd6 11. Bd3 Bxd3 12. Qxd3 O-O 13. O-O b5 14. Nb1 Nd7
15. Rc2 Rfc8 16. Rfc1 Nb6 17. b3 f6 18. g3 Na5 19. Rxc8+ Rxc8 20. Rxc8+ $11
Nxc8 21. Qc3 Nc6 22. Qc5 Kf7 23. Nc3 Ke7 24. Kf1 Kd7 25. Ke2 Qxc5 26. dxc5 Na5
27. b4 Nc4 28. a4 bxa4 29. Nxa4 e5 30. Kd1 Kc6 31. Kc2 a5 32. Kb3 Na7 33. e4
axb4 34. exd5+ Kxd5 35. Kxb4 Nc6+ 36. Kb5 N4a5 37. Nb6+ Ke4 38. Nd2+ Kd3 39.
Ndc4 Ke2 40. f4 exf4 41. gxf4 Nd4+ 42. Kxa5 g5 43. f5 Nxf5 44. c6 Ne7 45. c7 f5
46. Nd6 f4 47. Nf5 Nxf5 48. c8=Q Ne3 49. Nc4 Kf2 50. Qc5 h6 51. Kb4 Kf3 52.
Nxe3 fxe3 53. Kc3 1-0

[Event "SV Mülheim-Nord 3 - SV Turm Kamp-Lintf"]
[Site "NRW-Klasse - Gruppe 3 2019/20"]
[Date "2020.02.02"]
[Round "6.4"]
[White "Voss, Gunther"]
[Black "Nurkowski-Buerkle, Ruediger"]
[Result "1-0"]
[WhiteElo "2068"]
[BlackElo "2019"]
[Annotator "Daniel"]
[PlyCount "57"]
[EventDate "2020.??.??"]
[SourceVersionDate "2020.03.16"]
[WhiteTeam "SV Mülheim-Nord 3"]
[BlackTeam "SV Turm Kamp-Lintfort 1"]

1. Nf3 d5 2. c4 e6 3. e3 Nf6 4. Nc3 Be7 5. b3 c5 6. d4 Nc6 7. dxc5 Bxc5 8. cxd5
Bb4 9. Bd2 Nxd5 10. Ne4 Qe7 11. Bc4 O-O 12. O-O Rd8 13. Bxb4 Ndxb4 14. Qe2 b6
15. a3 Nd5 16. Rfd1 Na5 17. Bxd5 exd5 18. Ned2 Bg4 19. b4 Nc6 20. h3 Bh5 21.
Qb5 Ne5 22. Nxe5 Qxe5 $11 23. g4 Bg6 24. Nf3 Qf6 25. Nd4 h5 26. Qf1 hxg4 27.
hxg4 Qg5 28. Qh3 f5 29. Ne6 1-0

[Event "SV Mülheim-Nord 3 - SV Turm Kamp-Lintf"]
[Site "NRW-Klasse - Gruppe 3 2019/20"]
[Date "2020.02.02"]
[Round "6.5"]
[White "Bosser, Heinz-Dieter"]
[Black "Oltmanns, Jan"]
[Result "1/2-1/2"]
[WhiteElo "1979"]
[BlackElo "2008"]
[PlyCount "45"]
[EventDate "2020.??.??"]
[SourceVersionDate "2020.03.16"]
[WhiteTeam "SV Turm Kamp-Lintfort 1"]
[BlackTeam "SV Mülheim-Nord 3"]

1. d4 Nf6 2. c4 Nc6 3. Nf3 e6 4. a3 g6 5. Nc3 d6 6. b4 Bg7 7. Bb2 O-O 8. e3 Re8
9. Be2 b6 10. O-O Bb7 11. Qc2 Nd7 12. Rfd1 Ne7 13. Rac1 e5 14. dxe5 Nxe5 15.
Nd5 N7c6 16. c5 bxc5 17. bxc5 Nxf3+ 18. Bxf3 Ne5 19. Bxe5 Bxe5 20. cxd6 Bxd6
21. Qb2 Bxd5 22. Rxd5 Rb8 23. Qd4 1/2-1/2

[Event "SV Mülheim-Nord 3 - SV Turm Kamp-Lintf"]
[Site "NRW-Klasse - Gruppe 3 2019/20"]
[Date "2020.02.02"]
[Round "6.6"]
[White "Mainusch, Martin"]
[Black "Esser, Jochen"]
[Result "1-0"]
[WhiteElo "1935"]
[BlackElo "1949"]
[Annotator "Daniel"]
[PlyCount "59"]
[EventDate "2020.??.??"]
[SourceVersionDate "2020.03.16"]
[WhiteTeam "SV Mülheim-Nord 3"]
[BlackTeam "SV Turm Kamp-Lintfort 1"]

1. Nf3 Nf6 2. g3 g6 3. Bg2 Bg7 4. d3 d6 5. e4 O-O 6. O-O c5 7. c3 Nc6 8. Nbd2
Bd7 9. Nh4 e5 10. Qe1 b5 11. f4 exf4 12. gxf4 Ng4 13. Ndf3 Qe7 14. h3 Nh6 15.
Be3 Rae8 16. Qd2 f5 17. Rae1 fxe4 $11 18. dxe4 Nf7 19. f5 Nfe5 20. fxg6 hxg6
21. Ng5 Be6 22. b3 Bf6 23. Nxe6 Bxh4 24. Nxf8 Bxe1 25. Qd5+ Kg7 26. Nxg6 Nxg6
27. Bg5 Qe6 28. Bf6+ Kg8 29. Qxc6 Rc8 30. Qb7 1-0

[Event "SV Mülheim-Nord 3 - SV Turm Kamp-Lintf"]
[Site "NRW-Klasse - Gruppe 3 2019/20"]
[Date "2020.02.02"]
[Round "6.7"]
[White "Schubert, Mario"]
[Black "Brockhaus, Bernd"]
[Result "1/2-1/2"]
[WhiteElo "1888"]
[BlackElo "1945"]
[PlyCount "20"]
[EventDate "2020.??.??"]
[SourceVersionDate "2020.03.16"]
[WhiteTeam "SV Turm Kamp-Lintfort 1"]
[BlackTeam "SV Mülheim-Nord 3"]

1. e4 g6 2. d4 c6 3. Bd3 Bg7 4. Nf3 d6 5. h3 Qb6 6. c3 Nd7 7. Qb3 Qxb3 8. axb3
c5 9. Be3 b6 10. Nbd2 Bb7 1/2-1/2

[Event "SV Mülheim-Nord 3 - SV Turm Kamp-Lintf"]
[Site "NRW-Klasse - Gruppe 3 2019/20"]
[Date "2020.02.02"]
[Round "6.8"]
[White "Dezent, Ilia"]
[Black "Schmidt, Konrad"]
[Result "1/2-1/2"]
[WhiteElo "1825"]
[BlackElo "1847"]
[PlyCount "148"]
[EventDate "2020.??.??"]
[SourceVersionDate "2020.03.16"]
[WhiteTeam "SV Mülheim-Nord 3"]
[BlackTeam "SV Turm Kamp-Lintfort 1"]

1. d4 Nf6 2. c4 g6 3. Nc3 d5 4. Bg5 Ne4 5. Nxe4 dxe4 6. Qd2 Bg7 7. e3 c5 8. d5
Qb6 9. Rb1 Nd7 10. Ne2 Ne5 11. Nc3 f5 12. Be2 Bd7 13. O-O Nf7 14. Bh4 g5 15.
Bg3 O-O 16. a3 a5 17. Nb5 Bxb5 18. cxb5 Nd6 19. a4 Qd8 20. Qc2 b6 21. f3 Qe8
22. fxe4 Nxe4 23. Rxf5 Rxf5 24. Qxe4 Rf6 25. b3 Qg6 26. Qxg6 Rxg6 27. Bg4 Rf8
28. Bd7 Bc3 29. Bc6 Bd2 30. Bc7 Bxe3+ 31. Kh1 Rgf6 32. g4 Rf1+ 33. Rxf1 Rxf1+
34. Kg2 Rf2+ 35. Kh1 Rf1+ 36. Kg2 Rf2+ 37. Kh1 Bf4 38. Bxb6 Rxh2+ 39. Kg1 Rb2
40. Bxc5 Rxb3 41. Bxe7 Kf7 42. Bd8 Rb4 43. Bxa5 Rxa4 44. Bd8 Bd6 45. Bd7 h6 46.
Kg2 Ra3 47. Kf1 Rd3 48. Be6+ Ke8 49. Ba5 Rb3 50. b6 Rb5 51. Bc3 Rxb6 52. Bg7
Bf8 53. Bf6 Rb3 54. Kg2 Rd3 55. Kh2 Bd6+ 56. Kg2 Kf8 57. Kf2 Bf4 58. Kg2 Rg3+
59. Kf2 Rh3 60. Kg2 Re3 61. Kf2 Rb3 62. Kg2 Rd3 63. Kf2 Bd6 64. Kg2 Be7 65. Be5
Bc5 66. Bc7 Ke7 67. Ba5 Ra3 68. Bc7 Bd6 69. Bb6 Rd3 70. Ba5 Be5 71. Bb4+ Bd6
72. Ba5 Ra3 73. Bb6 Ra6 74. Bd4 Ke8 1/2-1/2

[Event "Oberhausener SV 1 - Krefelder SK Turm 2"]
[Site "NRW-Klasse - Gruppe 3 2019/20"]
[Date "2020.02.02"]
[Round "6.1"]
[White "Maes, Valery"]
[Black "Becker, Marcel"]
[Result "0-1"]
[WhiteElo "2065"]
[BlackElo "2330"]
[PlyCount "116"]
[EventDate "2020.??.??"]
[SourceVersionDate "2020.03.16"]
[WhiteTeam "Krefelder SK Turm 2"]
[BlackTeam "Oberhausener SV 1"]

1. d4 d5 2. Nf3 Nf6 3. c4 c6 4. Nbd2 Bf5 5. g3 e6 6. Bg2 Nbd7 7. O-O Be7 8. b3
Ne4 9. Bb2 O-O 10. Nxe4 Bxe4 11. e3 a5 12. Qe2 a4 13. Nd2 Bxg2 14. Kxg2 Bb4 15.
Nf3 Nf6 16. a3 Be7 17. b4 Qe8 18. Rac1 Ne4 19. c5 Bd8 20. Ne1 f5 21. Nd3 Bc7
22. Rc2 g5 23. f3 Nf6 24. Ne5 g4 25. fxg4 Bxe5 26. dxe5 Nxg4 27. Rf4 Qg6 28.
Bd4 Kh8 29. Rb2 Rg8 30. Qf3 Nh6 31. b5 Nf7 32. h4 Nd8 33. Kh2 cxb5 34. Rxb5 Qe8
35. Rb2 Qe7 36. Qf1 Nc6 37. Rg2 Rg7 38. Qd1 Qd7 39. Qd2 Ne7 40. Bb2 Rag8 41.
Qb4 Rg4 42. Qb6 Rxf4 43. exf4 Nc6 44. Qb5 d4 45. Qxa4 Qd5 46. Qb5 Rg7 47. Rd2
Qf3 48. Qd3 Rxg3 49. Qxf3 Rxf3 50. Bxd4 Rxf4 51. Bf2 Nxe5 52. Rd8+ Kg7 53. Bg3
Re4 54. Rb8 f4 55. Bf2 Re2 56. Rxb7+ Kg6 57. Kg1 Ng4 58. c6 Nxf2 0-1

[Event "Oberhausener SV 1 - Krefelder SK Turm 2"]
[Site "NRW-Klasse - Gruppe 3 2019/20"]
[Date "2020.02.02"]
[Round "6.2"]
[White "Hort, Vlastimil"]
[Black "Gutkin, Ilya"]
[Result "1/2-1/2"]
[WhiteElo "2343"]
[BlackElo "2130"]
[PlyCount "82"]
[EventDate "2020.??.??"]
[SourceVersionDate "2020.03.16"]
[WhiteTeam "Oberhausener SV 1"]
[BlackTeam "Krefelder SK Turm 2"]

1. c4 c5 2. Nf3 g6 3. d4 Bg7 4. d5 f5 5. g3 Nh6 6. Bg2 O-O 7. O-O Nf7 8. Qc2 e5
9. dxe6 dxe6 10. Rd1 Qe7 11. Nc3 Nc6 12. Be3 b6 13. Rd2 Bb7 14. Rad1 Rfd8 15.
h4 Bf6 16. Qc1 Rxd2 17. Rxd2 Nd6 18. Nb5 Ne4 19. Rd1 a6 20. Nc3 Nxc3 21. bxc3
Na5 22. Bg5 Rd8 23. Rxd8+ Qxd8 24. Qe3 Bc8 25. Bxf6 Qxf6 26. Ne5 Qd8 27. f4 Bb7
28. Qd3 Qc7 29. Bf3 Bxf3 30. Qxf3 Nb7 31. g4 Nd6 32. h5 gxh5 33. g5 Qe7 34.
Qxh5 Qe8 35. Qh6 Nf7 36. Qf6 Nxe5 37. fxe5 Qg6 38. Kf2 Qxf6 39. gxf6 Kf7 40.
Kg3 Kg6 41. a4 h6 1/2-1/2

[Event "Oberhausener SV 1 - Krefelder SK Turm 2"]
[Site "NRW-Klasse - Gruppe 3 2019/20"]
[Date "2020.02.02"]
[Round "6.4"]
[White "Kummerow, Heiko"]
[Black "Prein, Michael"]
[Result "1/2-1/2"]
[WhiteElo "2226"]
[BlackElo "2043"]
[PlyCount "79"]
[EventDate "2020.??.??"]
[SourceVersionDate "2020.03.16"]
[WhiteTeam "Oberhausener SV 1"]
[BlackTeam "Krefelder SK Turm 2"]

1. e4 c5 2. Nf3 Nc6 3. d4 cxd4 4. Nxd4 g6 5. c4 d6 6. Nc3 Nf6 7. f3 Nxd4 8.
Qxd4 Bg7 9. Be3 O-O 10. Qd2 Be6 11. Be2 Qa5 12. Rc1 Rfc8 13. b3 a6 14. Nd5
Qxd2+ 15. Kxd2 Nxd5 16. cxd5 Bd7 17. Rxc8+ Rxc8 18. Rc1 Rxc1 19. Kxc1 f5 20.
Kc2 Kf7 21. Bd3 b5 22. Kd2 Be5 23. f4 Bg7 24. Ke2 e6 25. Bd2 exd5 26. exd5 Bc8
27. a4 Bb7 28. axb5 axb5 29. Bxb5 Bxd5 30. Bc4 Bxc4+ 31. bxc4 Ke6 32. Kd3 d5
33. Be3 dxc4+ 34. Kxc4 h5 35. Bd4 Bf8 36. Bc5 Bh6 37. Be3 Bf8 38. Bc5 Bh6 39.
Be3 Bf8 40. Bc5 1/2-1/2

[Event "Oberhausener SV 1 - Krefelder SK Turm 2"]
[Site "NRW-Klasse - Gruppe 3 2019/20"]
[Date "2020.02.02"]
[Round "6.5"]
[White "Noever, Niklas"]
[Black "Ciornei, Dragos"]
[Result "1/2-1/2"]
[WhiteElo "1868"]
[BlackElo "2130"]
[PlyCount "73"]
[EventDate "2020.??.??"]
[SourceVersionDate "2020.03.16"]
[WhiteTeam "Krefelder SK Turm 2"]
[BlackTeam "Oberhausener SV 1"]

1. d4 Nf6 2. Nf3 g6 3. Bf4 d6 4. e3 Bg7 5. Be2 c5 6. c3 b6 7. h3 O-O 8. Nbd2
Bb7 9. O-O Nbd7 10. Qc2 Qc7 11. Rac1 a6 12. Bh2 Rac8 13. Ng5 h6 14. Ngf3 b5 15.
Bd3 e5 16. dxe5 Nxe5 17. Nxe5 dxe5 18. c4 b4 19. Rfd1 Rcd8 20. Be2 Qe7 21. a4
Rfe8 22. Bf3 e4 23. Be2 Nd7 24. Nf1 Ne5 25. b3 f5 26. Rxd8 Rxd8 27. Rd1 Rd7 28.
Bxe5 Bxe5 29. Rxd7 Qxd7 30. Qd2 Qxd2 31. Nxd2 f4 32. Bd1 fxe3 33. fxe3 Bc3 34.
Nf1 Kf7 35. g3 h5 36. Kg2 Be1 37. Bc2 1/2-1/2

[Event "Oberhausener SV 1 - Krefelder SK Turm 2"]
[Site "NRW-Klasse - Gruppe 3 2019/20"]
[Date "2020.02.02"]
[Round "6.6"]
[White "Alkhazashvili, Ololi"]
[Black "Cozzuto, Alessandro"]
[Result "1-0"]
[WhiteElo "2158"]
[BlackElo "1846"]
[PlyCount "81"]
[EventDate "2020.??.??"]
[SourceVersionDate "2020.03.16"]
[WhiteTeam "Oberhausener SV 1"]
[BlackTeam "Krefelder SK Turm 2"]

1. e4 c5 2. Nf3 g6 3. c4 Bg7 4. Nc3 Nc6 5. g3 d6 6. h3 Nf6 7. Bg2 O-O 8. O-O
Ne8 9. d3 Nc7 10. Nd5 Ne6 11. Rb1 Ned4 12. Nxd4 Nxd4 13. b4 e6 14. Ne3 Qc7 15.
Ng4 h5 16. Ne3 Bd7 17. f4 Rab8 18. f5 exf5 19. Nd5 Qd8 20. bxc5 dxc5 21. Bf4
fxe4 22. dxe4 Be6 23. Bc7 Qd7 24. Bxb8 Rxb8 25. Kh2 b6 26. Qd3 Qd6 27. h4 Bg4
28. Rf2 Qd7 29. Nf6+ Bxf6 30. Rxf6 Kg7 31. e5 Rf8 32. Re1 Be6 33. Ref1 Qa4 34.
Bd5 Qxa2+ 35. R1f2 Qa4 36. Bxe6 Nxe6 37. Qd6 Qxc4 38. Qe7 Nd8 39. e6 Nxe6 40.
Rxf7+ Rxf7 41. Rxf7+ 1-0

[Event "Oberhausener SV 1 - Krefelder SK Turm 2"]
[Site "NRW-Klasse - Gruppe 3 2019/20"]
[Date "2020.02.02"]
[Round "6.7"]
[White "Komans, Dieter"]
[Black "Nissen, Claus"]
[Result "0-1"]
[WhiteElo "2021"]
[BlackElo "2100"]
[PlyCount "52"]
[EventDate "2020.??.??"]
[SourceVersionDate "2020.03.16"]
[WhiteTeam "Krefelder SK Turm 2"]
[BlackTeam "Oberhausener SV 1"]

1. e4 e6 2. d4 d5 3. Nd2 Nf6 4. Bd3 c5 5. dxc5 Bxc5 6. Qe2 Nc6 7. Ngf3 e5 8.
O-O O-O 9. exd5 Qxd5 10. Ne4 Nxe4 11. Bxe4 Nd4 12. Nxd4 Qxd4 13. Rd1 Qb4 14.
Bd2 Qxb2 15. Rab1 Qxa2 16. Rb3 Be6 17. Rg3 f5 18. Bxb7 Rad8 19. Qxe5 Bd4 20.
Qf4 Qxc2 21. Re1 Bf6 22. Ba5 Rd1 23. Qe3 Re8 24. Bf3 Rxe1+ 25. Bxe1 Qb1 26. Bd5
f4 0-1

[Event "Oberhausener SV 1 - Krefelder SK Turm 2"]
[Site "NRW-Klasse - Gruppe 3 2019/20"]
[Date "2020.02.02"]
[Round "6.8"]
[White "Groß, Thomas"]
[Black "Reuter, Julian-Frank"]
[Result "1-0"]
[WhiteElo "1993"]
[BlackElo "1715"]
[PlyCount "73"]
[EventDate "2020.??.??"]
[SourceVersionDate "2020.03.16"]
[WhiteTeam "Oberhausener SV 1"]
[BlackTeam "Krefelder SK Turm 2"]

1. Nf3 Nf6 2. g3 e6 3. Bg2 d5 4. d4 Be7 5. c4 O-O 6. Qc2 a6 7. Nbd2 Bd7 8. O-O
Bc6 9. Ne5 dxc4 10. Nxc6 Nxc6 11. e3 Rc8 12. Nxc4 Nb4 13. Qb3 b5 14. Ne5 c5 15.
dxc5 Bxc5 16. a3 Nbd5 17. Rd1 Qc7 18. Nd3 Be7 19. Bd2 Nb6 20. Nb4 Nc4 21. Nxa6
Nxd2 22. Rxd2 Qa5 23. Nb4 Rc4 24. Rd4 Rxd4 25. Nc6 Qa4 26. Nxd4 Qxb3 27. Nxb3
Rc8 28. Nd4 Rc5 29. b4 Rc3 30. Nxb5 Rc2 31. Nd4 Rb2 32. h3 Nd7 33. b5 Bc5 34.
a4 Ne5 35. a5 Nd3 36. a6 e5 37. a7 1-0

[Event "SK Turm Kleve 1 - Kölner SK Dr. Lasker"]
[Site "NRW-Klasse - Gruppe 3 2019/20"]
[Date "2020.02.02"]
[Round "6.1"]
[White "di Franco, Patrizio"]
[Black "Bons, Jasper"]
[Result "1/2-1/2"]
[WhiteElo "2024"]
[BlackElo "2242"]
[Annotator "Daniel"]
[PlyCount "117"]
[EventDate "2020.??.??"]
[SourceVersionDate "2020.03.16"]
[WhiteTeam "Kölner SK Dr. Lasker 2"]
[BlackTeam "SK Turm Kleve 1"]

1. d4 Nf6 2. Nc3 d5 3. Bf4 a6 4. e3 c5 5. dxc5 Nc6 6. Nf3 Bg4 7. Be2 e6 8. Na4
Ne4 9. O-O Nxc5 10. c4 dxc4 11. Nxc5 Bxc5 12. Qc2 b5 13. Bxc4 Qb6 14. Be2 $11
Nb4 15. Qc3 O-O 16. Rfc1 Be7 17. e4 Qb7 18. Qe3 Rac8 19. Nd4 Bxe2 20. Qxe2
Rxc1+ 21. Bxc1 Rd8 22. Nf3 Nd3 23. Bd2 Bc5 24. Rf1 Bb6 25. b3 Qc6 26. Be3 Qxe4
27. Ng5 Qe5 28. Nxf7 Kxf7 29. Qf3+ Kg8 30. Bxb6 Rd5 31. Be3 Qf5 32. Qg3 e5 33.
Qh4 h6 34. h3 Rd6 35. Qg4 Qxg4 36. hxg4 Kf7 37. Rd1 Ke6 38. Kf1 Nb4 39. Rxd6+
Kxd6 40. a4 bxa4 41. bxa4 Nd5 42. Bc1 Nf6 43. f3 h5 44. gxh5 Nxh5 45. Ke2 Kd5
46. Ke3 Nf4 47. g3 Ne6 48. f4 exf4+ 49. gxf4 Nc5 50. f5 Nxa4 51. Kf4 Nc5 52.
Kg5 Nd3 53. Ba3 a5 54. Kg6 Ke4 55. Bf8 a4 56. Bxg7 a3 57. Ba1 Nf4+ 58. Kg5 Nd5
59. f6 1/2-1/2

[Event "SK Turm Kleve 1 - Kölner SK Dr. Lasker"]
[Site "NRW-Klasse - Gruppe 3 2019/20"]
[Date "2020.02.02"]
[Round "6.2"]
[White "Verhoef, Pieter"]
[Black "Mandt, Mathias"]
[Result "1-0"]
[WhiteElo "2109"]
[BlackElo "2045"]
[PlyCount "87"]
[EventDate "2020.??.??"]
[SourceVersionDate "2020.03.16"]
[WhiteTeam "SK Turm Kleve 1"]
[BlackTeam "Kölner SK Dr. Lasker 2"]

1. e4 Nf6 2. e5 Nd5 3. d4 d6 4. c4 Nb6 5. exd6 exd6 6. Nc3 Be7 7. b3 Nc6 8. Be3
Bf5 9. Rc1 O-O 10. Nf3 d5 11. c5 Nc8 12. Be2 Bf6 13. O-O N8e7 14. a3 a6 15. b4
Re8 16. Qb3 Be6 17. b5 Na5 18. Qb4 axb5 19. Nxb5 Nec6 20. Qc3 Qd7 21. Rfe1 Nc4
22. Bg5 Bxg5 23. Nxg5 N6a5 24. Nxe6 Rxe6 25. a4 g6 26. Bf1 Rea6 27. Na3 Nc6 28.
Nxc4 dxc4 29. Bxc4 Rxa4 30. Red1 Na5 31. Bf1 b6 32. Rb1 Qd8 33. cxb6 cxb6 34.
Qb2 Nc4 35. Qb3 Na3 36. Ra1 Qd6 37. d5 R8a5 38. g3 Rb4 39. Qc3 Rba4 40. Qc6 Qd8
41. d6 b5 42. Re1 Ra8 43. d7 Kg7 44. Re8 1-0

[Event "SK Turm Kleve 1 - Kölner SK Dr. Lasker"]
[Site "NRW-Klasse - Gruppe 3 2019/20"]
[Date "2020.02.02"]
[Round "6.3"]
[White "Hoeren, Andreas"]
[Black "Melde, Benjamin"]
[Result "1/2-1/2"]
[WhiteElo "2092"]
[BlackElo "2142"]
[PlyCount "31"]
[EventDate "2020.??.??"]
[SourceVersionDate "2020.03.16"]
[WhiteTeam "Kölner SK Dr. Lasker 2"]
[BlackTeam "SK Turm Kleve 1"]

1. e4 c5 2. Nf3 d6 3. Bb5+ Nd7 4. c3 Ngf6 5. Qe2 a6 6. Ba4 e5 7. O-O Be7 8. d4
O-O 9. Rd1 Qc7 10. Nbd2 b5 11. dxe5 Nxe5 12. Nxe5 bxa4 13. Nd3 Re8 14. Nf4 Bb7
15. Qd3 Qc6 16. f3 1/2-1/2

[Event "SK Turm Kleve 1 - Kölner SK Dr. Lasker"]
[Site "NRW-Klasse - Gruppe 3 2019/20"]
[Date "2020.02.02"]
[Round "6.4"]
[White "Wiegersma, Justus"]
[Black "Diesner, Michael"]
[Result "1/2-1/2"]
[WhiteElo "1993"]
[BlackElo "2069"]
[PlyCount "46"]
[EventDate "2020.??.??"]
[SourceVersionDate "2020.03.16"]
[WhiteTeam "SK Turm Kleve 1"]
[BlackTeam "Kölner SK Dr. Lasker 2"]

1. c4 c5 2. g3 Nc6 3. Bg2 g6 4. Nc3 Bg7 5. a3 a5 6. e3 e5 7. Nge2 Nge7 8. O-O
O-O 9. b3 d6 10. Bb2 Be6 11. Nd5 Rb8 12. Nec3 f5 13. Nb5 Bf7 14. d4 e4 15.
Nxe7+ Qxe7 16. Qd2 a4 17. d5 Ne5 18. Bxe5 Bxe5 19. Rab1 Ra8 20. b4 Rfc8 21.
Rfc1 Be8 22. bxc5 Rxc5 23. Nd4 Bf7 1/2-1/2

[Event "SK Turm Kleve 1 - Kölner SK Dr. Lasker"]
[Site "NRW-Klasse - Gruppe 3 2019/20"]
[Date "2020.02.02"]
[Round "6.5"]
[White "Rosenkraenzer, Torsten"]
[Black "Verfuerth, Kevin"]
[Result "1/2-1/2"]
[WhiteElo "1996"]
[BlackElo "2022"]
[PlyCount "37"]
[EventDate "2020.??.??"]
[SourceVersionDate "2020.03.16"]
[WhiteTeam "Kölner SK Dr. Lasker 2"]
[BlackTeam "SK Turm Kleve 1"]

1. d4 Nf6 2. c4 e6 3. Nc3 d5 4. cxd5 exd5 5. Bg5 c6 6. e3 Bf5 7. Qf3 Bg6 8.
Bxf6 Qxf6 9. Qxf6 gxf6 10. Nge2 Nd7 11. Nf4 Bd6 12. g3 O-O-O 13. Ng2 Bb4 14.
Nh4 Nb6 15. a3 Bxc3+ 16. bxc3 Nc4 17. Bh3+ Kc7 18. Nf5 Nd6 19. Nxd6 1/2-1/2

[Event "SK Turm Kleve 1 - Kölner SK Dr. Lasker"]
[Site "NRW-Klasse - Gruppe 3 2019/20"]
[Date "2020.02.02"]
[Round "6.6"]
[White "Albers, Sasa"]
[Black "Mews, Bernhard"]
[Result "1-0"]
[WhiteElo "2028"]
[BlackElo "1975"]
[PlyCount "109"]
[EventDate "2020.??.??"]
[SourceVersionDate "2020.03.16"]
[WhiteTeam "SK Turm Kleve 1"]
[BlackTeam "Kölner SK Dr. Lasker 2"]

1. e4 c5 2. Nf3 e6 3. c3 Nf6 4. e5 Nd5 5. d4 cxd4 6. cxd4 d6 7. a3 Be7 8. Bd3
O-O 9. O-O b6 10. Qc2 g6 11. Bh6 Re8 12. Nbd2 Ba6 13. Bxa6 Nxa6 14. Ne4 dxe5
15. Nxe5 Bf8 16. Bg5 Qc8 17. Qd3 f5 18. Nc3 Nac7 19. h4 Bg7 20. Rfe1 Qb7 21.
Rac1 Rac8 22. Qg3 Nxc3 23. bxc3 Nd5 24. c4 Nf6 25. Bxf6 Bxf6 26. Nf3 Qc7 27.
Ne5 Red8 28. Qe3 Bxe5 29. dxe5 Qe7 30. g3 Rd7 31. Rc3 Qc5 32. Qg5 Qe7 33. Qe3
Qc5 34. Qh6 Qf8 35. Qf4 Rcd8 36. Qc1 Qc5 37. h5 Rd2 38. Rf3 Qd4 39. hxg6 hxg6
40. Kg2 Kg7 41. a4 Rh8 42. Qa3 Qd7 43. Qe3 Rd1 44. a5 Rxe1 45. Qxe1 g5 46. Qe3
Kg6 47. g4 Qb7 48. gxf5+ exf5 49. Qd3 Rf8 50. Qd6+ Kg7 51. a6 Qf7 52. e6 Qf6
53. Qd7+ Kg6 54. e7 Qf7 55. Qd6+ 1-0

[Event "SK Turm Kleve 1 - Kölner SK Dr. Lasker"]
[Site "NRW-Klasse - Gruppe 3 2019/20"]
[Date "2020.02.02"]
[Round "6.7"]
[White "Glaser, Steffen"]
[Black "Brandt, Thorsten"]
[Result "1-0"]
[WhiteElo "1944"]
[BlackElo "1963"]
[PlyCount "77"]
[EventDate "2020.??.??"]
[SourceVersionDate "2020.03.16"]
[WhiteTeam "Kölner SK Dr. Lasker 2"]
[BlackTeam "SK Turm Kleve 1"]

1. e4 e6 2. d4 d5 3. Nd2 c5 4. Ngf3 a6 5. exd5 exd5 6. dxc5 Bxc5 7. Nb3 Bb6 8.
Bg5 Ne7 9. Be2 O-O 10. Nfd4 Nbc6 11. c3 Re8 12. O-O Qd6 13. Qd2 Ng6 14. Rad1
Bc7 15. g3 Bh3 16. Rfe1 h6 17. Be3 Rad8 18. f4 Nge7 19. Bf3 Be6 20. g4 Kh8 21.
Re2 Ng8 22. Rde1 Nf6 23. Nxe6 fxe6 24. Nc5 Na5 25. Bd4 Ne4 26. Nxe4 dxe4 27.
Rxe4 Nc4 28. Qe2 Bb6 29. Qxc4 Bxd4+ 30. Qxd4 Qc7 31. Qe3 Rd6 32. f5 Red8 33.
Rxe6 Rd2 34. Re2 Rd1+ 35. Kg2 R8d3 36. Re8+ Kh7 37. Rh8+ Kxh8 38. Qe8+ Kh7 39.
Qg6+ 1-0

[Event "SK Turm Kleve 1 - Kölner SK Dr. Lasker"]
[Site "NRW-Klasse - Gruppe 3 2019/20"]
[Date "2020.02.02"]
[Round "6.8"]
[White "Huysman, Arie Cornelis"]
[Black "Lommen, Frank"]
[Result "1/2-1/2"]
[WhiteElo "1976"]
[BlackElo "1924"]
[PlyCount "43"]
[EventDate "2020.??.??"]
[SourceVersionDate "2020.03.16"]
[WhiteTeam "SK Turm Kleve 1"]
[BlackTeam "Kölner SK Dr. Lasker 2"]

1. e4 c5 2. Nf3 e6 3. c3 Nf6 4. e5 Nd5 5. d4 cxd4 6. cxd4 d6 7. Bc4 Nb6 8. Bd3
Be7 9. O-O Nc6 10. Nc3 dxe5 11. dxe5 Nd7 12. Bb5 O-O 13. Qe2 Qc7 14. Bf4 a6 15.
Bd3 Nc5 16. Bb1 Rd8 17. Rd1 Rxd1+ 18. Qxd1 Qd7 19. Bc2 Nb4 20. Qe2 Nxc2 21. Rd1
Qc6 22. Qxc2 1/2-1/2

[Event "Brühler SK 1 - Ratinger SK 1"]
[Site "NRW-Klasse - Gruppe 3 2019/20"]
[Date "2020.02.02"]
[Round "6.1"]
[White "Graeber, Ralf"]
[Black "Loifenfeld, Jakov"]
[Result "1-0"]
[WhiteElo "2145"]
[BlackElo "2374"]
[PlyCount "77"]
[EventDate "2020.??.??"]
[SourceVersionDate "2020.03.16"]
[WhiteTeam "Ratinger SK 1"]
[BlackTeam "Brühler SK 1"]

1. d4 Nf6 2. Nc3 c5 3. dxc5 e6 4. e4 Qa5 5. Bd3 Nc6 6. a3 Bxc5 7. Nf3 Be7 8.
O-O d6 9. Bf4 O-O 10. b4 Qc7 11. Nb5 Qb8 12. Bxd6 Bxd6 13. Nxd6 Qxd6 14. e5 Qe7
15. exf6 Qxf6 16. Re1 Rd8 17. Qe2 g6 18. Qe4 e5 19. Nxe5 Bf5 20. Qf4 Rd4 21.
Ng4 Rxf4 22. Nxf6+ Kf8 23. g3 Bxd3 24. gxf4 Bxc2 25. Nxh7+ Kg7 26. Ng5 Rd8 27.
Rac1 Ba4 28. Rc3 Rd4 29. Ne4 Bb5 30. f5 gxf5 31. Rg3+ Kh6 32. Nc3 Bc4 33. Re8
Kh7 34. Reg8 Ne7 35. Rb8 f4 36. Rh3+ Kg7 37. Rxb7 Be6 38. Rh5 Nd5 39. Rxd5 1-0

[Event "Brühler SK 1 - Ratinger SK 1"]
[Site "NRW-Klasse - Gruppe 3 2019/20"]
[Date "2020.02.02"]
[Round "6.2"]
[White "Schiffer, Stefan"]
[Black "Brosig, Boris"]
[Result "0-1"]
[WhiteElo "2276"]
[BlackElo "2184"]
[Annotator "Daniel"]
[PlyCount "80"]
[EventDate "2020.??.??"]
[SourceVersionDate "2020.03.16"]
[WhiteTeam "Brühler SK 1"]
[BlackTeam "Ratinger SK 1"]

1. d4 e6 2. Nf3 b6 3. e4 Bb7 4. Bd3 c5 5. d5 exd5 6. exd5 Bxd5 7. Nc3 Be6 8.
Ng5 Nf6 9. Nxe6 fxe6 10. g4 g6 11. h4 Nc6 12. h5 Rg8 13. hxg6 hxg6 14. g5 Nd5
15. Nxd5 exd5 16. Rh7 Qc7 17. Qf3 Qe5+ 18. Be3 Qe6 19. O-O-O Rg7 20. Rh8 Rf7
21. Qh1 Ne7 22. Bc4 Rf5 23. Bd3 Rf7 24. c4 O-O-O 25. cxd5 Qd6 26. Qe4 Bg7 27.
Rh4 Rdf8 28. Qa4 Kb8 29. Re4 Rf5 30. Rxe7 Qxe7 31. Bxf5 Rxf5 32. d6 Qe5 33. Rd2
Qe6 34. Kb1 Rf8 35. Rd3 Rh8 36. Rd1 $11 Qe5 37. Qb5 Rh4 38. Qe2 Rb4 39. Rd2
Qe4+ 40. Kc1 Qh1+ 0-1

[Event "Brühler SK 1 - Ratinger SK 1"]
[Site "NRW-Klasse - Gruppe 3 2019/20"]
[Date "2020.02.02"]
[Round "6.3"]
[White "Probst, Andreas"]
[Black "Gramb, Marius"]
[Result "1/2-1/2"]
[WhiteElo "2119"]
[BlackElo "2107"]
[Annotator "Daniel"]
[PlyCount "103"]
[EventDate "2020.??.??"]
[SourceVersionDate "2020.03.16"]
[WhiteTeam "Ratinger SK 1"]
[BlackTeam "Brühler SK 1"]

1. d4 Nf6 2. Bf4 d5 3. e3 e6 4. c3 c5 5. Nd2 Nc6 6. Ngf3 cxd4 7. exd4 Nh5 8.
Bg3 Be7 9. Bd3 g6 10. Qe2 a6 11. Ne5 O-O 12. f4 f5 13. Ndf3 Nf6 14. Bh4 Ne4 15.
Bxe7 Qxe7 16. O-O Bd7 17. g3 Rfc8 18. Kg2 Kg7 19. h4 h5 20. Rac1 Be8 21. Rc2
Rc7 22. Nxc6 Bxc6 $11 23. Ne5 Nd6 24. Rfc1 Rac8 25. Kf3 Bb5 26. Bxb5 Nxb5 27.
Qe3 Nd6 28. Kg2 b5 29. Nd3 Ne4 30. Qe1 a5 31. a3 Rc6 32. Re2 b4 33. axb4 axb4
34. Nc5 bxc3 35. bxc3 Nxc5 36. dxc5 Re8 37. Rb2 Qxc5 38. Qe5+ Kf7 39. Rb7+ Re7
40. Rcb1 Rcc7 41. Rxc7 Rxc7 42. Rb8 Qxc3 43. Qd6 Re7 44. Qd8 Qg7 45. Kh3 d4 46.
Ra8 Rb7 47. Qe8+ Kf6 48. Qd8+ Kf7 49. Qd6 Re7 50. Qc6 Qf6 51. Qd6 Qg7 52. Qd8
1/2-1/2